Klauniagara Náš človek - Milan Markovič - v Prahe i doma

Bibliographic Details
Main Authors: Markovič, Milan, 1943- (Author), Ščepka, Miloš, 1963- (Author)
Format: Article
Language:Slovak
PhysicalDescription:Obr. 2.
Subjects:

MARC

LEADER 00000nab a2200000 a 4500
001 vtls000407276
003 SK-MaSNL
005 20260303213547.0
008 160215c1991 xo 0 slo
015 |a SNBRB19rr/mm-uuuuu 
035 |a CL0407400 
040 |a SNKBUCL  |b slo  |c SNKBUCL  |e AACR2 
041 0 |a slo 
044 |a xo  |c SK 
080 |a 7.096.071.1  |2 1981 
080 |a 792.071.2  |2 1981 
080 |a 929 Markovič, Milan  |2 1981 
100 1 |a Markovič, Milan,  |d 1943-  |4 aut  |9 101975 
245 1 0 |a Klauniagara  |b Náš človek - Milan Markovič - v Prahe i doma  |c Milan Markovič, Miloš Ščepka 
300 |b Obr. 2. 
600 1 7 |a Markovič, Milan,  |d 1943-  |x rozhovory  |2 snkbucl  |9 679631 
655 7 |a články z novín a časopisov  |2 snkbucl  |9 267496 
700 1 |a Ščepka, Miloš,  |d 1963-  |4 aut  |9 237244 
773 0 |t Smena  |g Roč. 44, č. 40 (16. 2. 1991), s. 5 
850 |a Slovenská národná knižnica v Martine  |a MTA001 
852 |a SNK  |b KIS3GCP 
958 |a BX 
958 |a RK 
992 |a RBX 
999 |c 2212701  |d 2214631